Nom des Toupies avec Images - Beyblade Metal jamais commercialisées - Statistiques

Statistiques générales
  • Ce quiz a été pris 2 fois
  • Le résultat moyen est 7 sur 15
Statistiques - réponses
Par images Réponse % Correct
Earth Eagle
100%
Dark Poseidon
50%
Earth Capricorn
50%
Earth Fireblaze
50%
Evil Bull
50%
Evil wolf
50%
Flame Gasher
50%
Ray Gasher
50%
Rock Aries
50%
Rock Scorpio
50%
Rock Serpent
50%
Sol Blaze
50%
Storm Serpent
50%
Rock Crow
0%
Storm Northern Cross
0%
Aucun quiz correspondant
Distribution des résultats
% des personnes avec chaque résultat
Percentile par nombre de réponses
Votre historique - résultats
Vous n’avez pas pris ce quiz